| 000 | 00983nam a22002417a 4500 | ||
|---|---|---|---|
| 003 | OSt | ||
| 005 | 20160622182531.0 | ||
| 008 | 160622b xxu||||| |||| 00| 0 eng d | ||
| 020 | _a13: 978-0-7637-4910 | ||
| 040 | _cLIC | ||
| 082 |
_22009 _aDC 629.92071 _bIn8 |
||
| 245 |
_aFire service instructor : principles and practice / _cInternational Association of Fire Chiefs, International Society of Fire Service Instructors, National Fire Protection Association |
||
| 260 |
_aSudbury, Mass. : _bJones and Bartlett Publishers, _cc2009. |
||
| 300 |
_axvi, 296 pages : _billustrations ; _c28 cm |
||
| 365 |
_b5,400.40 _cPhp |
||
| 500 | _aIncludes index. | ||
| 650 | 0 |
_910317 _aFire prevention _vStudy and teaching |
|
| 650 | 0 |
_910318 _aFire extinction _xStudy and teaching |
|
| 710 |
_910319 _aInternational Association of Fire Chiefs |
||
| 710 |
_910320 _aInternational Society of Fire Service Instructors |
||
| 710 |
_910321 _aNational Fire Protection Association |
||
| 942 |
_2ddc _cDC |
||
| 999 |
_c3093 _d3093 |
||